Представление документа в формате RUSMARC

Поле Инд. ПП Название Значение
Тип записи a
Библиографический уровень a
001 Контрольный номер 72eecd245ce240149a26fc0d0d8af3f0
005 Дата корректировки 20181204105638.3
100 a Данные общей обработки 20181204 ||| 0rusy0189 ca
101 0_ a Язык текста rus
102 a Страна публикации RU
200 1_ f Первые сведения об ответственности Е.В. Покачалова, А.Ю. Рыбкова
a Заглавие Страховой надзор как универсальный финансово-правовой институт предупреждения правонарушений в сфере страхования и организации страхового дела
b Общее обозначение материала Текст
210 1_ d Дата издания 2018
461 _0 1 2000
a Финансовое право
463 _0 1 2000
a № 10
v С. 11-16
1 2101
d 2018
1 00166ca08e3444141c483bf880c95af6b0c
606 a Основная рубрика Финансовое право
610 0_ a Ключевые слова КОНТРОЛЬ ФИНАНСОВЫЙ
a Ключевые слова АДМИНИСТРАТИВНЫЙ НАДЗОР
a Ключевые слова СТРАХОВАНИЕ
700 _1 a Фамилия Покачалова
b Имя Е.В.
701 _1 a Фамилия Рыбкова
b Имя А.Ю.
801 _0 a Страна RU
b Организация РГУП
c Дата составления 20181204
g Правила каталогизации PSBO
801 _1 a Страна RU
b Организация РГУП
c Дата составления 20181204
g Правила каталогизации PSBO
901 t Тип документа b
w Контрольный № источника 66ca08e3444141c483bf880c95af6b0c
905 a Дата ввода 20181204